| 000 | 00504nam a22001937a 4500 | ||
|---|---|---|---|
| 003 | MPLRDC | ||
| 005 | 20220104123516.0 | ||
| 008 | 210129b ||||| |||| 00| 0 eng d | ||
| 020 | _a986-7883-81-0 | ||
| 082 | _a177.2 LSW | ||
| 100 | _a卢苏伟 | ||
| 245 |
_a赏识自己 _c |
||
| 250 | _a初版 | ||
| 260 |
_a台湾 _b宝瓶文化事业有限公司 _c2004 |
||
| 300 | _b237 | ||
| 490 | _a看见自己的天才系列 VISION. 025 | ||
| 650 | _a应用心理学--成功法 | ||
| 942 |
_cBK _o177.2 LSW |
||
| 999 |
_c11987 _d11977 |
||